01576cam a22003614a 4500999001700000001000900017003000400026005001700030008004100047010001700088020001500105040001300120042000800133043003000141050002700171100001800198245013300216246005200349260005600401300004900457500010000506504005400606600005600660600005600716610004200772650004000814650007100854650005000925906004500975942003901020987002601059952012901085 c27108d2710812126927OSt20170207121440.0000801s2000 ohuab bc 000 0 eng  a 00107401  a094071759X aDLCcDLC apcc aa-cc---an-us-wian-us-oh00aNK8440.2.C6bC472 20001 aChou, Ju-hsi.10aCircles of reflection :bthe Carter collection of Chinese bronze mirrors /cJu-Hsi Chou ; technical analysis by Bruce Christman.1 iCover title also in Chinese:aJian ri zhi kuang aCleveland, Ohio :bCleveland Museum of Art,cc2000. ax, 132 p. :bill. (some col.), map ;c28 cm. aPublished on occasion of an exhibition held at Cleveland Museum of Art, Sept. 17-Nov. 26, 2000. aIncludes bibliographical references (p. 129-132).10aCarter, Thomas,cDr.xArt collectionsvExhibitions.10aCarter, Martha,cDr.xArt collectionsvExhibitions.20aCleveland Museum of ArtvExhibitions. 0aBronze mirrorszChinavExhibitions. 0aBronze mirrorsxPrivate collectionszOhiozClevelandvExhibitions. 0aBronze mirrorszOhiozClevelandvExhibitions. a7bcbccorignewd2eepcnf20gy-gencatlg 2lcccBOOKShNK 8440.2 .C6C472 2000 aPINYINbDLCc20020920 00102lcc4070aMUCbMUCcTECHd2017-02-07eDonation (BFA)l0oNK 8440.2 .C6C472 2000p34752r2018-07-10w2017-02-07yBOOKS